=LDR 00000nam 2200000 4500 =001 INLIS000000000045697 =005 20150209090532.0 =006 =007 =008 =020 ##$$a 978-602-8214-61-7 =035 ##$$0010-021500000000257 =040 ##$$a NBPDMAT =082 ##$$a 662.87 =090 ##$$a 662.87 $b Ene e =100 ##$$a Tim Cahaya =245 ##$$a Energi Alternatif $b Sekam / $c Penyusun Tim Cahaya; Editor, Triyani =250 ##$$a Cet. 1 =260 ##$$a Jakarta : $b Nobel Edumedia, $c 2008 =300 ##$$a vi, 40 hlm $b Ilus $c 21 cm =500 ##$$a Bibliografi : hal. 40 =650 ##$$a Sekam =700 ##$$a Tim Cahaya =700 ##$$a Triyani